00988 a2200133 4500003000500000005001700005040000900022082001500031100001600046245004100062260003100103300001300134505070700147NUST20221227125948.0 cNust a355.02,TYS aTyson, G.W. aIndia Arms for Victory /cG.W. Tyson aAllahabadbJ.K.Shrmac1944 a325 p .: aIntroductory (Page-1), In the Beginning (Page-20), Roger Mission – Eastern Group – Lease and Lend (Page-38), A Commonwealth Project (Page-62), Steel Town –I (Page-75), Steel Town – ii (Page-91), Kumardhubi to Constantinople (Page-106), The Iron Road (Page-119), Jute and an Even Greater War (Page- 136), The Little Man (Page-150), The India aluminum Industry in Peace and War (Page-167), Rubber and Oil (Page-181), Manchester of the East-i (Page-197), Manchester of the East-ii (Page-211), Manpower (Page-226), Cotton Spinners all (Page-240), Un Embarrass de Richesses (Page-258), Mechanist ion, men of War and Mica (Page-277), Scientific Miscellany (Page-307), Personal Postscript (Page-317).